| 000 | 00691nam a2200229 a 4500 | ||
|---|---|---|---|
| 005 | 20260206064028.0 | ||
| 008 | 010625s1990 r 000 0 eng d | ||
| 020 | _a8436801741 | ||
| 035 | _aUPN01000108948 | ||
| 049 | _aCG | ||
| 050 | 4 |
_aQA184 _bG8.2 1990 |
|
| 100 | 1 | _aGutiérrez Gómez, Andrés | |
| 245 | 1 | 0 |
_aAlgebra lineal / _cAndrés Gutiérrez Gómez, Fernando García Castro. |
| 250 | _a3a ed. | ||
| 260 |
_aMadrid : _bPirámide, _c1990. |
||
| 300 |
_a2 v. : _bfigs. |
||
| 440 | 0 | _aCiencia y técnica. | |
| 500 | _aLa biblioteca tiene el volumen 2. | ||
| 650 | 4 |
_aÁlgebra lineal _xEstudio y enseñanza _92157 |
|
| 700 | 1 |
_aGarcía Castro, Fernando, _ecoaut. |
|
| 905 | _aLibro | ||
| 999 |
_c82859 _d82859 |
||